| 000 | 01716nam a22002297a 4500 | ||
|---|---|---|---|
| 005 | 20190611092214.0 | ||
| 008 | 150818s1910 ck ||||fr|||| 001 0 spa d | ||
| 040 |
_cSandra Yazo _dSandra Yazo |
||
| 041 | 0 | _aspa | |
| 082 | 0 | 4 |
_220 _a923.2 |
| 092 | _aE36N108 | ||
| 100 | 1 |
_aAcosta de Samper, Soledad _d1833-1913 _991565 |
|
| 245 | 1 | 0 |
_aBiografía del general Antonio Nariño _cpor Soledad Acosta de Samper |
| 260 |
_aPasto (Colombia) _bImprenta del departamento _c1910 |
||
| 300 |
_aiii - viii, 220 página _c27 x 19 cm |
||
| 500 | _aDetalles físicos: Ejemplar con intervención, estauración por John Jairo Martínez (Junio 7 de 2019). Actualmente encuadernación rígida en cartón forrado (holandesa) en papel, lomo en cuero con tejuelos y adornos en dorado. Guardas y hoa de cortesía. Se conserva parte de la portada, con nota de donación por la autora. Texto impreso en una sola columna, notas al pie de página. cenefas. Varias intervenciones en el papel en faltantes de esquinas, al final de la obra. Ejemplar en buen estado de conservación | ||
| 505 | 2 | _aAcuerdo número 19 de 1907 ; Exordio ; Santafé de Bogotá en la última década del siglo XVIII ; Don Antonio Nariño y su círculo literario ; La publicación de los derechos del hombre y sus consecuencias ; La defensa de don Antonio Nariño ; Nariño en el destierro ; Nariño en Francia e Inglaterra ; El regreso a la patria ; Nariño se presenta al Virrey Mendinueta ; Plan de administración del Nuevo Reino de Granada presentado por Nariño al Gobierno español | |
| 506 | _aConsulta en sala | ||
| 600 | 1 | 4 |
_961792 _aNariño, Antonio _d1760-1823 _xBiografías |
| 690 |
_aBiografías _97343 |
||
| 942 |
_2LOCAL _cLIBRO _e1 _hE36N108 |
||
| 999 |
_c300845 _d300845 |
||